<?xml version="1.0" encoding="UTF-8"?><?xml-stylesheet type="text/xsl" href="static/style.xsl"?><OAI-PMH xmlns="http://www.openarchives.org/OAI/2.0/" xmlns:xsi="http://www.w3.org/2001/XMLSchema-instance" xsi:schemaLocation="http://www.openarchives.org/OAI/2.0/ http://www.openarchives.org/OAI/2.0/OAI-PMH.xsd"><responseDate>2026-04-14T02:53:07Z</responseDate><request verb="GetRecord" identifier="oai:www.recercat.cat:10230/60418" metadataPrefix="marc">https://recercat.cat/oai/request</request><GetRecord><record><header><identifier>oai:recercat.cat:10230/60418</identifier><datestamp>2025-12-22T13:46:42Z</datestamp><setSpec>com_2072_6</setSpec><setSpec>col_2072_452952</setSpec></header><metadata><record xmlns="http://www.loc.gov/MARC21/slim" xmlns:dcterms="http://purl.org/dc/terms/" xmlns:xsi="http://www.w3.org/2001/XMLSchema-instance" xmlns:doc="http://www.lyncode.com/xoai" xsi:schemaLocation="http://www.loc.gov/MARC21/slim http://www.loc.gov/standards/marcxml/schema/MARC21slim.xsd">
   <leader>00925njm 22002777a 4500</leader>
   <datafield ind2=" " ind1=" " tag="042">
      <subfield code="a">dc</subfield>
   </datafield>
   <datafield ind2=" " ind1=" " tag="720">
      <subfield code="a">Villegas-Simón, Isabel</subfield>
      <subfield code="e">author</subfield>
   </datafield>
   <datafield ind2=" " ind1=" " tag="720">
      <subfield code="a">Fernández-Rovira, Cristina</subfield>
      <subfield code="e">author</subfield>
   </datafield>
   <datafield ind2=" " ind1=" " tag="720">
      <subfield code="a">Giraldo Luque, Santiago</subfield>
      <subfield code="e">author</subfield>
   </datafield>
   <datafield ind2=" " ind1=" " tag="720">
      <subfield code="a">Bernardi, Alessandro</subfield>
      <subfield code="e">author</subfield>
   </datafield>
   <datafield ind2=" " ind1=" " tag="260">
      <subfield code="c">2024-06-10T06:13:39Z</subfield>
   </datafield>
   <datafield ind2=" " ind1=" " tag="260">
      <subfield code="c">2024-06-10T06:13:39Z</subfield>
   </datafield>
   <datafield ind2=" " ind1=" " tag="260">
      <subfield code="c">2022</subfield>
   </datafield>
   <datafield ind2=" " ind1=" " tag="520">
      <subfield code="a">L&amp;apos;article (Radiography of microinfluencers in the digital platform economy: dissatisfaction, free labor and unequal remuneration) també està disponible en anglès.</subfield>
   </datafield>
   <datafield ind2=" " ind1=" " tag="520">
      <subfield code="a">Introducción: Los influencers se han convertido en nuevos prescriptores y trabajadores digitales que construyen comunidades digitales sólidas para los anunciantes. Los microinfluencers (5.000 - 40.000 seguidores) son utilizados por las marcas para impactar en comunidades digitales pequeñas con un alto grado de compromiso. Esta investigación explora la relación entre la inversión de tiempo, el impacto digital y la remuneración económica de la actividad de los microinfluencers para identificar nuevas formas de precariedad laboral en el ámbito digital. Metodología: Se han estudiado 34 microinfluencers a través de dos técnicas: la monitorización de sus perfiles digitales para calcular sus KPI (ej. engagement y EMV), y a través de un cuestionario destinado a conocer su satisfacción, tiempo invertido y remuneración económica. Además, se ha realizado un segundo estudio sobre la actividad digital de 21 influencers celebridades. Resultados y discusión: El análisis de los datos indica que los microinfluencers están insatisfechos debido a tres factores: la relación entre el tiempo invertido y la remuneración económica, la necesidad de crear publicaciones sin generar ingresos y la desproporcionada relación entre el tamaño de su comunidad, el vínculo que producen con sus seguidores y los beneficios en comparación con las celebridades influencers. Conclusiones: Las conclusiones contribuyen a la literatura precedente sobre la falsa meritocracia del éxito en redes sociales y confirman la retribución a través de visibilidad y capital social a costa de la precariedad de las condiciones laborales dentro de una economía liderada por las plataformas digitales.</subfield>
   </datafield>
   <datafield ind2=" " ind1=" " tag="520">
      <subfield code="a">Introduction: Influencers have emerged as new prescribers and digital workers who build strong communities for advertisers. Microinfluencers, who have between 5,000 and 40,000 followers, are used  by  brands  to  impact  small  but  highly  engaged  digital  communities. This research explores the relationship between time investment, digital impact and economic remuneration of microinfluencers&amp;apos; digital activity to understand new forms of labor precarity. Methodology: To this end, 34 microinfluencers have been studied through the monitoring of their digital profiles, measuring engagement and EMV, and through a questionnaire to find out their satisfaction, time invested, and economic remuneration. In addition, a second study was conducted on the digital activity of 21 popular influencers. Results and  discussion: The results identify the precariousness conditions that microinfluencers face in a quantitative  perspective. Besides, the  analysis indicates that microinfluencers are dissatisfied due to three factors: the relationship between time invested and economic remuneration, the need to create publications  without  generating  income, and the disproportionate relationship between the size  of their community, the link they produce with their followers, and the benefits compared to celebrity influencers. Conclusions:  The  findings  contribute  to build on the preceding literature on false meritocracy and retribution through visibility and social capital at the expense of precarious working conditions within a neoliberal digital economy.</subfield>
   </datafield>
   <datafield tag="653" ind2=" " ind1=" ">
      <subfield code="a">Economía de la atención</subfield>
   </datafield>
   <datafield tag="653" ind2=" " ind1=" ">
      <subfield code="a">Microinfluencers</subfield>
   </datafield>
   <datafield tag="653" ind2=" " ind1=" ">
      <subfield code="a">Precariedad laboral</subfield>
   </datafield>
   <datafield tag="653" ind2=" " ind1=" ">
      <subfield code="a">Prescriptores digitales</subfield>
   </datafield>
   <datafield tag="653" ind2=" " ind1=" ">
      <subfield code="a">Redes sociales</subfield>
   </datafield>
   <datafield tag="653" ind2=" " ind1=" ">
      <subfield code="a">Economía digital</subfield>
   </datafield>
   <datafield tag="653" ind2=" " ind1=" ">
      <subfield code="a">Creación de contenido digital</subfield>
   </datafield>
   <datafield tag="653" ind2=" " ind1=" ">
      <subfield code="a">Attention economy</subfield>
   </datafield>
   <datafield tag="653" ind2=" " ind1=" ">
      <subfield code="a">Microinfluencers</subfield>
   </datafield>
   <datafield tag="653" ind2=" " ind1=" ">
      <subfield code="a">Precarity</subfield>
   </datafield>
   <datafield tag="653" ind2=" " ind1=" ">
      <subfield code="a">Digital prescribers</subfield>
   </datafield>
   <datafield tag="653" ind2=" " ind1=" ">
      <subfield code="a">Instagram</subfield>
   </datafield>
   <datafield tag="653" ind2=" " ind1=" ">
      <subfield code="a">Social media</subfield>
   </datafield>
   <datafield tag="653" ind2=" " ind1=" ">
      <subfield code="a">Digital economy</subfield>
   </datafield>
   <datafield tag="653" ind2=" " ind1=" ">
      <subfield code="a">Digital content creation</subfield>
   </datafield>
   <datafield ind2="0" ind1="0" tag="245">
      <subfield code="a">Radiografía de los micro-influencers en la economía de las plataformas digitales: insatisfacción, trabajo gratuito y desigualdad en la retribución</subfield>
   </datafield>
   <datafield ind2="0" ind1="0" tag="245">
      <subfield code="a">Radiography of microinfluencers in the digital platform economy: dissatisfaction, free labor and unequal remuneration</subfield>
   </datafield>
</record></metadata></record></GetRecord></OAI-PMH>